000 00230 a2200097 4500
001 14016
100 _aRossetti C
245 _aA choice of christian rossetti's verse
260 _aLondon
_bFaber & Faber
_c
090 _c10973
_d10973
942 _aNUST-CAE
_cM
_c1084
999 _c249089
_d249089